000 00736nac a22003010a 4500
001 PT58372
003 AR-LpoUNG
005 20210201005556.0
008 201001s2013||||ag |||||||||||||||||spa d
020 _a9789876580656
_c$24
040 _aAR-LpoUNG
_bspa
_eaacr
041 _aspa
044 _aag
082 0 _aA863 225v1
100 1 _aLamborghini, Osvaldo
245 1 0 _aNovelas y cuentos
250 _a3ra. ed.
260 _aBuenos Aires :
_bMondadori,
_c2013.
300 _a311 p. :
_bil.
_a(2
_fVolúmenes)
_3Impreso
490 0 _aNovelas y cuentos
650 4 _aARGENTINA
650 4 _aCUENTOS
650 4 _aLITERATURA
650 4 _aNOVELAS
653 _aLITERATURA ARGENTINA
905 _a58372
942 _cLIB
999 _c50311
_d50311